=LDR 00000nam 2200000 4500 =001 INLIS000000000037191 =005 20240930025228 =035 ##$$a 0010-061300000037191 =008 240930###########################0#ind## =041 ##$$a Ind =082 ##$$a 028.5 =090 ##$$a 028.5, Der y =100 ##$$a Derib =245 1#$$a Yakari terbang laksana gagak /$c Derib; Job; Alih bahasa Ariani ; editor Nien Djokosuratno S =260 ##$$a Jakarta :$b Elex Media Komputindo,$c 2010 =300 ##$$a 48 hlm. : $b ilus. ; $c 24 x 18 cm =650 #4$$a Bacaan kanak-kanak =700 #$$a Job =700 #$$a Alih bahasa Ariani =850 ##$$a NBPNMAT =020 ##$$a 978-979-27-8049-9 =084 ##$$a 028.5 DER y =500 ##$$a Judul Asli Yakari 14-Vol Des Corbeaux (LE) =990 ##$$a 94308/BPAP-NTB/2014 =990 ##$$a 21601940/BPAP-NTB/2017 =990 ##$$a 94308/BPAP-NTB/2014 =990 ##$$a 21601940/BPAP-NTB/2017